000 00789nam0a22002651 4500
001 rc\3464120
005 20250610121954.0
021 _aRU
_b[70-21922]
035 _a(NLR Aleph) 007897039
090 _a8014201
_c8014201
100 _a20130115d1970 |||y0rusy50 ca
101 0 _arus
102 _aRU
105 _aab z |||||
200 1 _aАрхитектура Бирмы
_fАН СССР
210 _aМосква
_cНаука
_d1970
215 _a199 с.
_cил., карт.
_d26
300 _aНа обл. авт. не указан
606 _aБирманская архитектура
_2psbo
700 1 _aОжегов
_bС.С.
_gСергей Сергеевич
801 0 _aRU
_bNLR
_gpsbo
801 1 _aRU
_bELAR
_2rusmarc
852 _aNLR
_j69-7/3048
942 _cBOOK
980 _aNB